Statistics for Greater Houston Map Quiz

Click here to take the quiz!

General Stats

  • This quiz has been taken 64 times
  • The average score is 6 of 9

Answers on the Map

Answers color-coded by a green-red scale on the quiz's map according to % correct below.
 

Answer Stats

Answer% Correct
Galveston
90%
Harris
83%
Brazoria
73%
Austin
68%
Fort Bend
68%
Montgomery
60%
Liberty
50%
Waller
48%
Chambers
45%

Score Distribution

Percentile by Number Answered

Percent of People with Each Score

Your Score History

You have not taken this quiz